| 000 | 00977cad a22001935a 4500 | ||
|---|---|---|---|
| 001 | L154320 | ||
| 008 | 111114s2011 xxk f 000 0 eng d | ||
| 035 | _a(Sirsi) u154320 | ||
| 041 | 0 | _aeng | |
| 110 | 2 |
_aPriceWaterhouseCoopers _93793 |
|
| 245 | 0 | 0 |
_aEngineering growth _bfourth-quarter 2010 global engineering and construction mergers and acquisitions analysis _h[electronic resource] |
| 260 |
_a[S.l.] _bPwC _c2011 |
||
| 520 | _aAnalysis of mergers and acquisitions (M&A) in the global engineering and construction industry for Q4 2010. Includes a summary of M and A activity and a special report that discusses potential growth opportunities in emerging markets. | ||
| 590 | _aKA | ||
| 651 | 4 | _aInternational | |
| 690 | _aBUILT ENVIRONMENT-CONSTRUCTION MARKET | ||
| 856 | 4 | 0 |
_uhttps://www.pwc.com/en_GX/gx/engineering-construction/mergers-acquisitions/pdf/engineering-growth-q4-2010.pdf _zView this item free of charge at www.constructionstrategygroup.org |
| 942 | _n0 | ||
| 999 |
_c112933 _d112933 |
||